000 00648nam a22001937a 4500
005 20150115113329.0
010 _aENG-111505
020 _a9788174878380
_c350.00
035 _aEN-95037
037 _bDBAD/PUB
082 _a791.4381095482
100 _aNeelamalar, M.
245 _aNationalism and national integration in Tamil films :
_cby M. Neelamalar
_b1920s-2009 /
260 _aNew Delhi
_bRadha Publications
_c2013
270 _a4231/1,Ansari Road,Daryaganj
_bNew Delhi
_e110002
300 _a150p. :
_bill.
_c22cm(Hb)
500 _aIncludes bibliographical references and index
942 _2ddc
_cEN
_mNEE
_h791.4381095482
999 _c90564
_d90564